Die Eigenschaften der Minerale /

Gardado en:
Detalles Bibliográficos
Autor Principal: Schuller, Arno
Formato: Libro
Idioma:German
Publicado: Berlin : Akademie Verlag, 1965.
Edición:6 Aufl.
Subjects:
LEADER 01132cam a2200265 a 4500
001 c000380984
003 CARM
005 20110808091041.0
008 110802s1965 gw a 001 0 ger d
019 1 |a 4175855  |5 LACONCORD2021 
035 |a (OCoLC)225959552  |5 LACONCORD2021 
040 |a NUN  |b eng  |c NUN  |d ABN:1 
082 0 4 |a 549 
100 1 |a Schuller, Arno. 
245 1 4 |a Die Eigenschaften der Minerale /  |c ein Lehr- und Hilfsbuch zum Bestimmen von mineralischen Rohstoffen und Kristallformen von Arno Schüller. 
250 |a 6 Aufl. 
260 |a Berlin :  |b Akademie Verlag,  |c 1965. 
300 |a [v.] :  |b ill. ;  |c 25 cm. 
505 0 |a Teil 1: Die ausseren Kennzeichen ins besondere der erz- und gesteinsbilden-den Minerale. Mit einem Bestimmung der Uran-Thorium-Minerale. 
650 0 |a Mineralogy. 
852 8 |b CARM  |p 0576006  |j t. 1  |f BK 
852 8 |b SCAN  |h A3:AI15F0  |i C12656  |p 0576006  |f BK 
999 f f |i b54284db-d470-5400-b732-01205b6de4e7  |s 186ff3f8-3cce-50d5-a7c8-7566e45dcdd4 
952 f f |p Can circulate  |a CAVAL  |b CAVAL  |c CAVAL  |d CARM 1 Store  |i book  |j t. 1  |m 0576006 
952 f f |a CAVAL  |b CAVAL  |c CAVAL  |d Unmapped Location  |e C12656  |f A3:AI15F0  |h Other scheme